[Event "Salamanca"]
[Site "Salamanca"]
[Date "1990.??.??"]
[Round "8"]
[White "Todorcevic, Miodrag"]
[Black "Rodriguez Vargas, Orestes"]
[Result "1/2-1/2"]
[WhiteElo "2550"]
[BlackElo "2500"]
[Annotator "Horn,Pe"]
[PlyCount "93"]
[EventDate "1990.02.??"]
[EventType "tourn"]
[EventRounds "9"]
[EventCountry "ESP"]
[EventCategory "9"]
[SourceTitle "CBM 018"]
[Source "ChessBase"]
[SourceDate "1990.10.01"]
[SourceVersion "1"]
[SourceVersionDate "1990.10.01"]
[SourceQuality "1"]

1. Nf3 d5 2. g3 Bg4 3. Bg2 Nd7 4. d3 (4. c4 e6 (4... c6 5. cxd5 cxd5 6. Qa4) (
4... dxc4 5. Na3 c6 6. Nxc4 $14 {Barcza-A.Zaitsev, Tallinn 1971}) 5. Qa4 c6 6.
cxd5 Bxf3 7. Bxf3 exd5 8. d4 (8. d3 $5) 8... Bd6 9. Nc3 f5 $6 10. Qc2 $14 {
Szabo-Donner, Beverwijk 1966}) 4... e5 5. O-O Ngf6 6. c4 dxc4 7. dxc4 c6 8. Nc3
(8. Be3) 8... Be7 (8... Bc5 {/\ Qe7}) 9. b3 O-O 10. Bb2 (10. h3 Bxf3 11. Bxf3
Qc7 12. Qc2 Nc5 13. Bb2 a5 {Radulov-Conquest, Palma GMA op 1989}) 10... Re8 11.
Qc2 Bf8 (11... Qc7 12. Rad1 (12. h3 Bh5 13. Nh4) 12... Nc5 13. h3 Bh5 14. Nh4 (
14. Qc1 $6 {M.Yudovich-Zemerov, Soci 1978}) 14... Bf8 {siehe Partiefortsetzung}
) 12. h3 Bh5 13. Nh4 Nc5 14. Rad1 Qc7 15. g4 Bg6 16. Nxg6 hxg6 17. e3 {/\ b4} (
17. b4 $2 Ne6 {/\ Nf4,Bxb4}) 17... a5 18. Ne2 Na6 19. a3 Bd6 20. Ng3 Qe7 21. g5
$1 Nh7 22. Ne4 Bxa3 23. Bxa3 Qxa3 24. c5 $146 {/\ 25.Ra1 Qb4 26.Ra4 Qb5 27.Nd6}
Qb4 25. h4 Red8 26. Ra1 Qb5 27. Qc3 Nb4 28. Qxe5 Qd3 29. Nd6 Qxb3 30. Rfb1 Qc2
(30... Qe6 $2 31. Qxe6 fxe6 32. Nxb7) 31. Be4 (31. Qe7 Rf8 32. Rxb4 axb4 33.
Rxa8 Rxa8 34. Qxf7+ Kh8 35. Qe6 Rf8 36. Nf7+ Rxf7 37. Qxf7 Qxc5 38. Qxg6) (31.
Rb2 $5 Nd3 32. Rxc2 Nxe5 33. Nxb7 $16) 31... Nd3 32. Bxd3 Qxd3 33. Rxb7 Rf8 34.
h5 $5 (34. Qd4) 34... Qe2 $1 (34... gxh5 $2 35. Nf5 $18) 35. hxg6 (35. h6 $2
gxh6 36. gxh6 Qg4+ 37. Kf1 Qh3+) 35... Qg4+ 36. Kf1 Nxg5 $1 37. gxf7+ (37. Nf5
Qh3+ 38. Ke2 Qg4+ $10) 37... Nxf7 38. Nxf7 Rxf7 39. Rxf7 Qc4+ $1 40. Kg2 Qxf7
41. Ra4 Rf8 42. Qg3 Qd5+ 43. e4 Qxc5 44. Qb3+ Rf7 45. Qb8+ Kh7 46. Qh2+ Kg8 47.
Qb8+ 1/2-1/2

[Event "FIDE World Cup"]
[Site "Tromsoe"]
[Date "2013.08.14"]
[Round "2.1"]
[White "Korobov, Anton"]
[Black "Jobava, Baadur"]
[Result "1-0"]
[WhiteElo "2720"]
[BlackElo "2696"]
[Annotator "Krasenkow,M"]
[PlyCount "82"]
[EventDate "2013.08.11"]
[EventType "k.o."]
[EventRounds "7"]
[EventCountry "NOR"]
[SourceTitle "CBM 156"]
[Source "ChessBase"]
[SourceDate "2013.09.17"]
[SourceVersion "1"]
[SourceVersionDate "2013.09.17"]
[SourceQuality "1"]

1. d4 d6 2. Nf3 Nf6 3. c4 c6 4. Nc3 Bf5 {A risky system; however, GM Baadur
Jobava often looks for his own ways in the opening - and quite successfully!}
5. Nh4 (5. g3 {is quieter.}) 5... Bd7 (5... Bg6 $5) 6. e4 e5 7. Nf3 Bg4 {
This position usually arises after move 5 (1.d4 Nf6 2.c4 d6 3.Nc3 c6 4.e4 e5 5.
Nf3 Bg4).} 8. Be2 {Alternatives:} (8. dxe5) (8. d5) (8. Be3 $5) 8... Nbd7 9.
Be3 (9. O-O Be7 10. Be3 O-O 11. d5 {is the most popular continuation here.})
9... Be7 10. h3 Bxf3 11. Bxf3 $14 {White has a space advantage and a bishop
pair; therefore, Black can't claim equality.} O-O 12. O-O Ne8 {[%cal Ye7g5]} (
12... exd4 {gives White easy play, e.g.} 13. Bxd4 Qc7 14. Qc2 Rfe8 15. Be2 Bf8
16. f4 a5 17. Bf3 Rad8 18. Rae1 b5 19. b3 bxc4 20. bxc4 Rb8 21. a3 g6 22. c5
dxc5 23. Bf2 Bg7 24. e5 $16 {1/2 (58) Lahno,K (2553)-Danielian,E (2476)
Beijing CHN 2012}) (12... Re8 {is standard but hardly good:} 13. Qc2 (13. d5
Nf8 14. b4 N6d7 15. Qd3 c5 16. bxc5 Nxc5 17. Bxc5 dxc5 18. Rab1 b6 19. Bg4 g6
20. a4 h5 21. Be2 a5 22. Rb3 $14 {1/2 (20) Luch,M (2384)-Stopa,J (2334) Sroda
Wielkopolska 2005}) (13. b3 exd4 14. Bxd4 Bf8 15. Qc2 g6 16. Rad1 Qc7 17. g4 h6
18. Bg2 a6 19. f4 Bg7 20. b4 Rad8 21. c5 $16 {1-0 (62) Sadorra,J (2470)
-Gonzales,J (2524) Manila 2008}) 13... Bf8 14. Rad1 a5 15. g4 h6 16. Bg2 Qb8
17. f4 exd4 18. Bxd4 a4 19. c5 d5 20. e5 $16 {1-0 (50) Sadorra,J (2450)
-Dimakiling,O (2443) Tagaytay City 2010}) (12... a6 $5 {makes more sense:} 13.
a3 (13. d5 $5) 13... Re8 14. g3 exd4 15. Qxd4 Nc5 16. Qd1 Bf8 17. Qc2 Qe7 18.
Rfe1 Nfd7 19. Bg2 a5 20. b4 axb4 21. axb4 Ne6 $14 {1/2 (42) Gladyszev,O (2448)
-Janev,E (2454) France 2009}) (12... Qb8 $5 {[%cal Ye7d8,Yd8b6]} 13. Ne2 (13.
d5 Bd8 14. Qd2 Bb6 15. Bxb6 Nxb6 16. Be2 c5 17. a3 Qd8 18. g3 Qd7 19. Kh2 Na4
20. Bd3 Nxc3 21. Qxc3 Qe7 $11 {1/2 (40) Darga,K-Barcza,G Leipzig 1960}) 13...
Re8 14. Qc2 Bd8 15. dxe5 (15. Rfd1 $5 Bb6 16. Bg5) 15... dxe5 {1/2 (13) Stohl,
I (2455)-Ftacnik,L (2550) Prague 1989}) 13. Bg4 $146 {A very logical move.
White simply prevents ...Be7-g5.} (13. g3 Bg5 14. Bxg5 Qxg5 15. dxe5 Nxe5 16.
Be2 f5 17. exf5 Qxf5 18. Kg2 Qe6 19. Qd4 Nf6 20. Rad1 $14 {1-0 (48) Ionov,S 
(2522)-Shabanov,Y (2422) Moscow 2007}) (13. Qd2 exd4 14. Qxd4 Bg5 15. Rad1 Bxe3
16. Qxe3 Qe7 17. Rd2 a6 18. Be2 b5 19. Rfd1 $14 {1/2 (61) Sakaev,K (2637)
-Galego,L (2429) Ohrid 2001}) 13... exd4 14. Qxd4 Nc5 $6 (14... Bf6 $142 15.
Qd2 {Although Black's minor pieces disturb each other, after} Nc5 16. f3 a5 ({
rather than} 16... g6 17. Rad1 h5 18. e5 $3 Bxe5 19. Bxc5 hxg4 20. fxg4) 17.
Rad1 Qe7 {his position remains solid. After the text move Black will not be
able to play ...Be7-f6.}) 15. Rad1 Qc7 (15... Bf6 $2 16. e5 $1 Bxe5 17. Qxe5
dxe5 18. Rxd8 Rxd8 19. Bxc5) 16. f4 Nf6 17. Bf3 a5 18. g4 {[%mdl 128] White's
clear space advantage justifies this flank action.} Nfd7 19. g5 Rfe8 20. h4 Bf8
21. Qd2 a4 22. h5 Qa5 23. Qc2 Nb6 24. Be2 Rac8 25. Bf2 Ne6 26. Kh1 Nd7 27. Bg4
a3 28. b3 b5 (28... Rcd8 {was more stubborn.}) 29. e5 $1 bxc4 30. bxc4 (30. g6
$142 $1 fxg6 31. hxg6 h6 (31... hxg6 32. Be1 $1 $18) 32. bxc4 Rb8 $140 33.
Bxe6+ Rxe6 34. Qf5 $18 {[%cal Yc3e4]}) 30... Rb8 (30... d5 $142 $1 31. g6 hxg6
32. hxg6 fxg6 33. Ne2 (33. Be1 Bb4) 33... Bc5 34. cxd5 cxd5 35. Qxg6 Ndf8 $16)
31. g6 fxg6 32. hxg6 hxg6 33. Be1 $1 $18 {Protecting the f4-pawn and creating
a threat of a discovered attack.} Nxf4 {Desperation.} 34. Nd5 $1 Qd8 35. Nxf4
Nxe5 36. Qg2 $6 (36. Be6+ Rxe6 37. Nxe6 $18) 36... Nxg4 37. Qxg4 g5 $2 {
This loses instantly but after} (37... Qf6 38. Qxg6 {White should win despite
the limited number of pawns.}) 38. Ng6 {[%cal Rg4h5]} Be7 39. Qe6+ Kh7 40. Qf5
Kg8 41. Qf7+ Kh7 {Black's experimental play didn't pay off.} (41... Kh7 42. Rf2
(42. Kg2 Rb2+ 43. Bf2 g4 44. Nxe7 $18) 42... Rb2 43. Rxb2 axb2 44. Rd2 g4 45.
Nxe7 $18) 1-0

[Event "HUN-chT 9900"]
[Site "Hungary"]
[Date "1999.??.??"]
[Round "?"]
[White "Lukacs, Peter"]
[Black "Priehoda, Vitezslav"]
[Result "1-0"]
[WhiteElo "2467"]
[BlackElo "2361"]
[Annotator "Lukacs,P"]
[PlyCount "51"]
[EventDate "1999.09.26"]
[EventType "team"]
[EventRounds "11"]
[EventCountry "HUN"]
[SourceTitle "CBM 069"]
[Source "ChessBase"]
[SourceDate "1999.04.01"]
[SourceVersion "1"]
[SourceVersionDate "1999.04.01"]
[SourceQuality "1"]

1. d4 d6 2. Nf3 Bg4 {Black wants to avoid the mainstream of the theoretical
discussion. With transpositions we get the less popular Old Indian.} 3. c4 c6
4. Nc3 Nf6 5. e4 Nbd7 6. Be2 e5 7. Be3 Be7 8. O-O O-O 9. d5 {After closing the
[+] White gets the space advantage in a King's Indian type of position. Here
the B on g4 is not well-placed, because the exchange of it cannot be avoided.
On the other hand the B on e7 is less active than on g7. However, if he can
exchange it on g5, he can get rid of his bad B.} cxd5 (9... c5 {Closes the
position completely giving White free hand on both wings, Morozevich-Savchenko,
Alushta 1993 CBM 1936.}) (9... Ne8 {/\ Bxf3 Bg5, Har Zvi-Westerinen, Gausdal
1996 CBM 54.}) 10. cxd5 Bxf3 (10... Qa5 11. Nd2 Bxe2 12. Qxe2 {The exchange of
the light-squared B favours White, because Black's dark-squared B remains very
passive.} Rfc8 13. Rfc1 Ne8 14. a4 Qd8 15. a5 a6 16. Nc4 {Here we see the
drawbacks of cxd5.} Bg5 17. Na4 Bxe3 18. Qxe3 {Black has succeeded to exchange
his bad B, but his position still remains very passive.} Qe7 19. b4 Rc7 20.
Nab6 $16 {Piket-Urday, Novi Sad olm 1990}) (10... Qb8 11. Nd2 {The correct
strategy is to exchange the bishops.} (11. h3 $6 Bxf3 12. Bxf3 Rc8 13. g4 {
This agressive plan on the >> is against all the principles.} h6 14. g5 $6 {
Continuing the wrong plan White weakens his own position for nothing.} hxg5 15.
Bxg5 Qc7 {/\ Qd8} 16. Kh1 Qd8 17. Rg1 Nh7 18. Be3 Bg5 $15 {Tsesarsky-Fokin,
URS-FL Kursk 1987}) 11... Bxe2 12. Qxe2 Bd8 {/\ Bb6 activating the bad B.} 13.
Rfc1 a6 (13... Bb6 {is strongly met by} 14. Nb5 $1) 14. b4 Bb6 15. Bxb6 Nxb6
16. Qe3 Nfd7 17. a4 {White has still a strong pressure on the <<.} Rc8 18. Qe2
{avoiding} (18. a5 Nc4) 18... a5 {against a4-a5} 19. bxa5 Rxa5 20. Nb3 Ra6 21.
a5 $14 {Peng-Blagojevic, Pazarevac 1995}) (10... a6 11. Nd2 $1 Bxe2 12. Qxe2
Ne8 {/\ Bg5} 13. b4 g6 14. Nc4 Bg5 15. Bxg5 Qxg5 16. Rac1 Qe7 17. Na5 Rb8 18.
Nd1 f5 19. f3 Ndf6 20. Nf2 Ng7 21. Rc3 $16 {and White's << activity heavily
outweights Black's pressure on the >>, Blagojevic-Guzijan, JUG-chT Niksic 1996.
}) 11. Bxf3 Qb8 (11... Ne8 12. Qb3 $1 {provoking an important weakness on the
<<.} b6 13. Bg4 $5 (13. Be2 Bg5 (13... a6 14. Bg4 {after provoking another
weakness on the <<, White activates his B on the /^ h3-c8.} Nef6 15. Bh3 $14 {
Ivkov-Supanovic, JUG-chT 1990})) 13... Nc5 14. Qd1 Bg5 15. Bxg5 Qxg5 16. b4 $14
{and the N has to retreat, while White controls the vital c8 square.}) 12. a4
$1 {Crisper than} (12. Qe2 Bd8 13. Rfc1 a6 14. Bg4 Bb6 15. Bxd7 Nxd7 16. Bxb6
Nxb6 17. Rc2 Qd8 18. Rac1 Rc8 {White has exchanged too many pieces. This is
not a good idea, when the opponent has a passive position.} 19. Nd1 Qd7 20. Ne3
Rxc2 21. Qxc2 Rc8 $11 {Johansen-Torre, Asia zt 1990}) 12... Rc8 13. a5 (13. Qb1
$6 {is too sophisticated:} Bd8 14. Rc1 Bb6 15. Bxb6 Nxb6 16. b3 a6 17. a5 Nbd7
18. b4 Qa7 $11 {activating the Q on the /^ g1-a7, Wirthensohn-Kortchnoi,
Lugano 1989}) 13... b5 $2 {[#]} (13... Bd8 14. g4 $1 {Here it works, because
Black's pieces are hopelessly far from the >>.} (14. Qa4 $6 a6 15. Qa3 {
1/2:1/2 J.Horvath-Landa, Vienna op 1996}) 14... h6 (14... b6 15. a6) (14... a6
15. g5 Ne8 16. Bg4 $16) 15. h4 Ne8 (15... Nh7 16. g5 $1 hxg5 17. Bg4 Nhf6 (
17... Rc7 18. Nb5 $18) 18. hxg5 Nxg4 19. Qxg4 Nf8 20. Kg2 $16 {Black's heavy
artillery looks comical on the <<.}) 16. g5 hxg5 17. hxg5 a6 18. Kg2 $14 {
/\ Rh1with chances on both wings.}) 14. Na2 $1 {/\ Nb4-c6} Nc5 $2 (14... b4
$142 15. Qa4 Nc5 (15... b3 16. Nb4 $16) 16. Qxb4 Qxb4 (16... Ncxe4 $2 17. Bxe4
Qxb4 18. Bxh7+ Kxh7 19. Nxb4 $18) (16... Nb3 $2 17. Rad1 Qxb4 18. Nxb4 Nxa5 19.
Ra1 Nc4 20. Nc6 Kf8 (20... Bf8 21. Bxa7 Nxb2 22. Be2 $18) 21. Bxa7 Nxb2 22. Be2
$1 Nxe4 23. Rfb1) 17. Nxb4 Ncxe4 18. Nc6 Bf8 (18... Rc7 $2 19. Ra4 $1 Nc5 20.
Bxc5 dxc5 21. Nxe7+ Rxe7 22. d6 $18) 19. b4 $16) 15. Nb4 $1 {White sacrifices
his P e4 in order to reach the vital ><c6 by his N!} Ncxe4 (15... Nfxe4 16. Nc6
Qb7 (16... Qc7 17. Rc1 $16) 17. a6 $1 Qc7 (17... Qd7 $2 18. Bg4 $1 f5 $2 19.
Bxf5 $1 $18) 18. Rc1 $1 $18) 16. Nc6 Qb7 17. Rc1 $1 b4 $2 (17... Qd7 $2 18. b4
$1 h6 19. h4 g5 20. Qd3 $18) (17... Nc5 $2 18. Bxc5 dxc5 19. Nxe7+ Qxe7 20. d6
Qe6 21. Bxa8 Rxa8 22. Rxc5 $18) ({The last chance to defend was} 17... Re8 18.
b4 $1 $16) 18. a6 $1 $18 Qc7 19. Bxe4 $1 Nxe4 20. Nxe7+ Qxe7 21. Rxc8+ Rxc8 22.
Qg4 {double ->} Rc4 23. b3 h5 24. Qf3 Rc3 (24... Rd4 25. Bxd4 Nd2 26. Qe2 Nxf1
27. Kxf1 $18) 25. Qxe4 Rxb3 26. Qc4 1-0